1050 1077 1937 1488 1560 1776 1962 1940 1626 1884 1023 1997 1965 1935 1009 1101 1471 1505 1253 1108 1135 1842 1243 1156 1754 1923 1501 1161 1757 1528 1971 1826 1809 1850 1323 1875 1843 1555 1497 1956 1752 1028 1798 1719 1286 1321 1877 1699 1478 1746 1506 1259 1337 1435 1525 1085 1269 1529 1304 1622 1494 1847 1090 1055 1093 1369 1422 1949 1442 1593 1775 1244 1792 1110 1020 1686 1675 1886 1077 1334 1742 1770 1331 1923 1101 1742 1193 1920 1759 1080 1761 1294 1298 1201 1121 1546 1238 1026 1032 BCNSPRNW ULIB Ver.6.0+V

เปลี่ยนเป็นภาษาไทย

Change to English
 แสดงรายละเอียดบรรณานุกรม
  กลับหน้าหลัก

Brief Record : Get Marc (ISO 2709) : E-mail record : QR code < ปิดหน้าต่าง
LEADER : 00000nam 2200000uu 4500
001    13399125870
003     ULIB
008    170920s2560||||th 000 0 tha d
020    ^a9786169258711
060 04 ^aWS280^bP371 2560
245 00 ^aPediatric critical care :^beveryday practice /^cบรรณาธิการ ดุสิต สถาวร...[และคนอื่น ๆ]
250    ^aพิมพ์ครั้งที่ 1
260    ^aกรุงเทพฯ :^bสมาคมโรคระบบหายใจและเวชบำบัดวิกฤตในเด็ก,^c2560
300    ^a261 หน้า :^bภาพประกอบ ;^c27 ซม.
504    ^aเอกสารอ้างอิงท้ายบท
504    ^aดัชนีท้ายเล่ม
650  2 ^aRespiratory Tract Diseases^xin infancy & childhood
650  4 ^aโรคระบบหายใจ
650  4 ^aทางเดินหายใจ, โรค
700 0  ^aดุสิต สถาวร,^eบรรณาธิการ
700    ^aเฉลิมไทย เอกศิลป์^eบรรณาธิการ
700    ^aรุจิภัตต์ สำราญสำรวจกิจ^eบรรณาธิการ
700    ^aกวีวรรณ ลิ้่มประยูร^eบรรณาธิการ
700    ^aณัฐชัย อนันตสิทธิ์^eบรรณาธิการ
710 2  ^aสมาคมโรคระบบหายใจและเวชบำบัดวิกฤตในเด็ก
945    ^p0^l0^i003275
945    ^p0^l0^i003276
945    ^p0^l0^i003277
945    ^p440^l0^i003786
945    ^p440^l0^i003787
945    ^p440^l0^i003788
999    ^aประนอม เกษจรัล
รายการนี้ยังไม่มีแท็ก
คุณยังไม่ได้ล็อกอิน คุณสามารถมีกิจกรรมร่วมกับเว็บไซต์ได้ แต่ต้องล็อกอินก่อน ::
  ล็อกอิน

รายการสื่อสารสนเทศ

ลำดับที่ ประเภท เลขเรียก/บาร์โค้ด สถานที่ สถานะ
1. วิทยาศาสตร์การแพทย์ และสุขภาพ
หนังสือสำรอง
สถานะ=หนังสือสำรอง
WS280 P371 2560 ฉ.1 
  Barcode: 003275
ห้องสมุดวิทยาเขตสวรรค์ประชารักษ์
►หนังสือทั่วไป
บนชั้น
2. วิทยาศาสตร์การแพทย์ และสุขภาพ
วิทยาศาสตร์การแพทย์ และสุขภาพ
WS280 P371 2560 ฉ.2 
  Barcode: 003276
ห้องสมุดวิทยาเขตสวรรค์ประชารักษ์
►หนังสือทั่วไป
บนชั้น
3. วิทยาศาสตร์การแพทย์ และสุขภาพ
วิทยาศาสตร์การแพทย์ และสุขภาพ
WS280 P371 2560 ฉ.3 
  Barcode: 003277
ห้องสมุดวิทยาเขตสวรรค์ประชารักษ์
►หนังสือทั่วไป
บนชั้น
4. วิทยาศาสตร์การแพทย์ และสุขภาพ
วิทยาศาสตร์การแพทย์ และสุขภาพ
WS280 P371 2560 ฉ.4 
  Barcode: 003786
ห้องสมุดวิทยาเขตนครสวรรค์
►นวนิยาย:l:Fiction
บนชั้น
5. วิทยาศาสตร์การแพทย์ และสุขภาพ
วิทยาศาสตร์การแพทย์ และสุขภาพ
WS280 P371 2560 ฉ.5 
  Barcode: 003787
ห้องสมุดวิทยาเขตนครสวรรค์
►นวนิยาย:l:Fiction
บนชั้น
6. วิทยาศาสตร์การแพทย์ และสุขภาพ
วิทยาศาสตร์การแพทย์ และสุขภาพ
WS280 P371 2560 ฉ.6 
  Barcode: 003788
ห้องสมุดวิทยาเขตนครสวรรค์
►นวนิยาย:l:Fiction
บนชั้น

รายการใกล้เคียง
    หัวเรื่อง [โรคระบบหายใจ]
    หัวเรื่อง [ทางเดินหายใจ, โรค]

BibComment


ยังไม่เคยถูกคอมเมนท์

คอมเมนท์ทรัพยากรรายการนี้
  คอมเมนท์: Pediatric critic..


 Copyright 2026. Bcnsprnw @Library